Querťaro, Sina ̕en llamas Tomo III

Bibliographic Details
Main Author: Muǫz Cota, Još
Format: eBook
Language:Spanish
Published: Ciudad de Mx̌ico: Cm̀ara de Diputados, 2016
Subjects:
Online Access:Acceso restringido

MARC

LEADER 00000nam a22000007a 4500
005 20170614005459.0
007 cr|||| ||||
008 170614s2016 mx |||||s|||| 00||0 spa d
020 |a 978-607-9423-83-4 
035 |a 20351 
040 |a vLex 
090 |c 6769  |d 6769 
100 1 |a Muǫz Cota, Još 
245 1 0 |a Querťaro, Sina ̕en llamas  |h [Recurso electrn̤ico] /  |c Jos ̌Muǫz Cota  |n Tomo III 
256 |a Servicio en ln̕ea 
260 |a Ciudad de Mx̌ico:  |b Cm̀ara de Diputados,  |c 2016 
300 |a 1 recurso electrn̤ico 
506 1 |a Disponible solo en los productos indicados  |d vLex Global  |d vLex Global (Academic Edition, excluding Law Schools)  |d vLex Global (U.S. Academic Edition, Law Schools)  |d vLex Global (U.S. Academic Edition, excluding Law Schools)  |d vLex Global (Academic Edition, Law Schools) 
650 0 4 |a Derecho Constitucional  |z Mx̌ico 
740 0 |a vLex Libros (Servicio en ln̕ea) 
856 4 0 |u http://vlex.com/source/queretaro-sinai-en-llamas-tomo-iii-20351  |z Acceso restringido 
942 |c BOOK 
999 0 |a Constitutional right